000 00459nam a2200181Ia 4500
003 LK-CoDNM
005 20240912110729.0
008 010623t1901 xxu||||| |||| 00| 1 eng d
040 _aLK-CoDNM
_dLK-CoDNM
_eLK-CoDNM
041 _aeng
080 _a6
_bO23
100 _aClark, Alfred
245 _aSport in the Low Country of Ceylon
260 _bA.M. J Ferguson
_aColombo
_c1901
300 _b158p. : iil ; 20 cm
650 _aHunting
942 _cBK
999 _c85159
_d85159